00471 2200205 4500001002100000008004100021035002000062245003700082100001200119250000600131260003300137300001100170084001400181082000800195650001400203990001200217990001200229990001200241990001200253INLIS000000000000528 ind  a0010-0424000504 aSeluk Beluk Pasar ModalcKarmila aKarmila a1 aKlaten :bIntan Sejatic2014 a84 hlm a332 KAR s a332 aNon Fiksi a0722140 a0722141 a0722142 a0722143